Представление документа в формате RUSMARC

ПолеНазваниеЗначение
  Тип записи a
  Библиографический уровень a
001 Контрольный номер dc85f04f66f54db5a9b936a89bb901f1
005 Дата корректировки 20250304141534.0
100 Данные общей обработки __
a Данные общей обработки 20250304 ||| 0rusy0189 ca
101 Язык документа 0_
a Язык текста rus
102 Страна публикации __
a Страна публикации RU
200 Заглавие и сведения об ответственности 1_
a Заглавие 10 необычных питомцев
e Сведения, относящиеся к заглавию [десять необычных животных, которых люди заводят дома: аксолотль, ахатина, палочник, хамелеон, шиншилла, муравьи, минипиг, питон, магадаскарский таракан, фрин]
461 Уровень набора _0
1 2000
a Тошка и компания
463 Уровень физической единицы _0
1 2000
a № 1
v С. 6-9 : ил.
1 2101
d 2025
1 001b8420d666b8a4e358e1efd200cf9d144
606 Тематические рубрики 0_
a Основная рубрика Животные, содержащиеся в цирках и зоопарках
610 Ключевые слова 0_
a Ключевые слова домашние животные, декоративные домашние животные, экзотические домашние животные, улитки, пауки, тараканы, шиншиллы, минипиги, муравьи, питоны, аксолотли, хамелеоны, палочники, насекомые, пресмыкающиеся, грызуны, фрин, магадаскарский таракан
686 Индексы других классификаций __
a Классификационный индекс 46.76
801 Источник записи _0
a Страна RU
b Организация УОБДЮ
c Дата составления 20250304
g Правила каталогизации RCR
801 Источник записи _1
a Страна RU
b Организация УОБДЮ
c Дата составления 20250304
g Правила каталогизации RCR
901 Тип документа __
t Тип документа b
w Контрольный № источника b8420d666b8a4e358e1efd200cf9d144
905 Данные по созданию БЗ __
b Логин пользователя, который создал БЗ ibo4
909 Создатель записи __
a Создатель записи Бобылёва И.В.
910 Корректоры записи __
a Корректор записи Бобылёва И.В.